Děje vysokých škol pražských od secessí cizích národů po dobu bitvy bělohorské (1409-1622)

Bibliographic Details
Main Author: Winter, Zikmund, 1846-1912 (Author)
Format: Book
Language:Czech
PhysicalDescription:230 s. 23 cm
Published: Praha Česká akademie císaře Františka Josefa pro vědy, slovesnost a umění 1897
Subjects:

MARC

LEADER 00000nam a2200000 a 4500
001 vtls001425924
003 SK-MaSNL
005 20260302001757.0
008 240318s1897 xr 0 100 cze
035 |a SNK000380848 
040 |a SNK  |b slo  |c SNK  |e AACR2 
041 |a cze 
044 |a xr  |c CZ 
080 |a 378(091)(437.3)  |2 2001 
100 1 |a Winter, Zikmund,  |d 1846-1912  |4 aut  |9 199139 
245 1 0 |a Děje vysokých škol pražských od secessí cizích národů po dobu bitvy bělohorské (1409-1622)  |c Zikmund Winter 
260 |a Praha  |b Česká akademie císaře Františka Josefa pro vědy, slovesnost a umění  |c 1897  |e Praha  |f Alois Wiesner 
300 |a 230 s.  |c 23 cm 
504 |a Bibliogr. odkazy. Reg. 
650 0 7 |a dejiny školstva  |2 SNKPH  |9 71224 
650 0 7 |a vysoké školy  |2 SNKPH  |9 1277 
651 7 |a Praha (Česko)  |2 SNKPH  |9 19313 
999 |c 985233  |d 987163 
952 |t P60, <04>, [BOOK], {604}  |a SNK  |b SNK  |y VYP  |7 0  |p 17A0323841  |o snkIC 21  |0 0  |1 0  |4 0  |d 2001-12-12  |l 0  |r 2005-01-02 00:00:00  |w 2026-02-24 
952 |t P60, <04>, [BOOK], {604}  |a SNK  |b SNK  |y VYP  |7 0  |p 17A0427594  |o snkIC 21 D1  |i snkK 92/61  |0 0  |1 1  |4 0  |d 2004-05-04  |l 0  |r 2005-01-02 00:00:00  |w 2026-02-24